Các thủ lĩnh khởi nghĩa nông dân

Gardado en:
Detalles Bibliográficos
Autor Principal: Phạm, Khang (Biên Soạn)
Formato: Libro
Idioma:Vietnamese
Publicado: Hà Nội Văn hóa - thông tin 2010
Những chủ đề:
Các nhãn: Engadir etiqueta
Sen Etiquetas, Sexa o primeiro en etiquetar este rexistro!
Thư viện lưu trữ: Trung tâm Học liệu Lê Vũ Hùng, Trường Đại học Đồng Tháp
LEADER 00761pam a22002418a 4500
001 00041088
005 20180319140358.0
008 121122s2009 ||||||viesd
020 # # |c 42000 
041 0 # |a vie 
082 1 4 |a 959.702  |b C101TH 
100 1 # |a Phạm, Khang  |e Biên Soạn 
245 0 0 |a Các thủ lĩnh khởi nghĩa nông dân  |c Phạm Khang (Biên Soạn) 
260 # # |a Hà Nội  |b Văn hóa - thông tin  |c 2010 
300 # # |c 21 cm  |a 247tr. 
653 # # |a Khởi nghĩa 
653 # # |a Nhân vật lịch sử 
653 # # |a Nông dân 
653 # # |a Thế kỷ 18 
653 # # |a Việt Nam 
852 # # |j KD.0023035 
910 |d 19/03/2018 
980 # # |a Trung tâm Học liệu Lê Vũ Hùng, Trường Đại học Đồng Tháp